000
00245nam a2200097Ia 4500
001
653737
005
20250826154504.0
008
250824s9999 xx 000 0 und d
245
0
_a
3 BAY UZUNÇİZME
_c
ANN RUFFEL
260
_b
GÜNIŞIĞI YAYINLARI
999
_c
653737
_d
653737